[Event "Borisoglebsk Sports Centre"]
[Site "Borisoglebsk"]
[Date "2011.10.06"]
[Round "5.5"]
[White "Mezgo, Victor"]
[Black "Gorshnev, Alexey"]
[Result "0-1"]
[WhiteElo "1709"]
[BlackElo "2094"]
[PlyCount "66"]
[EventDate "2011.09.30"]
[EventType "swiss"]
[EventRounds "7"]
[EventCountry "RUS"]
[SourceTitle "EXT 2022"]
[Source "ChessBase"]
[SourceDate "2021.10.06"]
[SourceVersion "1"]
[SourceVersionDate "2021.10.06"]
[SourceQuality "1"]

1. g3 d5 2. Nf3 Bg4 3. Bg2 c6 4. b3 Nd7 5. Bb2 e6 6. d3 Ngf6 7. 0-0 Bc5 8. Nbd2 0-0 9. a3 a5 10. h3 Bh5 11. e4 b5 12. Qe2 Ne8 13. Kh1 Nc7 14. Qe1 Bb6 15. Rb1 c5 16. Ng1 f6 17. f4 a4 18. b4 cxb4 19. axb4 d4 20. e5 fxe5 21. fxe5 Rxf1 22. Nxf1 Rc8 23. g4 Be8 24. Nf3 Nb8 25. Qf2 Nc6 26. Ng3 Bg6 27. Ne2 Nd5 28. Nexd4 Ndxb4 29. Qd2 Bxd4 30. Nxd4 Nxd4 31. Qxb4 Nxc2 32. Qxb5 a3 33. Bb7 Bxd3 0-1

[Event "Borisoglebsk Sports Centre"]
[Site "Borisoglebsk"]
[Date "2011.10.03"]
[Round "3.4"]
[White "Sinibabnov, Nikolai"]
[Black "Gorshnev, Alexey"]
[Result "0-1"]
[WhiteElo "1756"]
[BlackElo "2094"]
[PlyCount "100"]
[EventDate "2011.09.30"]
[EventType "swiss"]
[EventRounds "7"]
[EventCountry "RUS"]
[SourceTitle "EXT 2022"]
[Source "ChessBase"]
[SourceDate "2021.10.06"]
[SourceVersion "1"]
[SourceVersionDate "2021.10.06"]
[SourceQuality "1"]

1. Nf3 Nf6 2. g3 g6 3. Bg2 d5 4. c4 c6 5. 0-0 Bg7 6. d4 0-0 7. Nc3 a5 8. cxd5 cxd5 9. Ne5 Nc6 10. Bf4 e6 11. Rc1 Qb6 12. Na4 Qb5 13. e3 Nxe5 14. Bxe5 Bd7 15. b3 Rfc8 16. Qd2 Ne4 17. Bxe4 dxe4 18. Bxg7 Kxg7 19. Nc5 Bc6 20. Rc3 Re8 21. Rfc1 Rad8 22. Qb2 h5 23. Na4 Qf5 24. Rc5 Rd5 25. Qe2 Red8 26. Nb6 Rxc5 27. Rxc5 Bd5 28. Rxa5 Rd6 29. Nc8 Rc6 30. Rc5 Qf6 31. Rxc6 Bxc6 32. Nb6 Qd8 33. Nc4 Qd5 34. h4 b5 35. Nd2 e5 36. dxe5 Qxe5 37. Nf1 b4 38. Qd2 Qc3 39. Kg2 Kh7 40. Qd4 Qxd4 41. exd4 e3+ 42. f3 e2 43. Kf2 exf1Q+ 44. Kxf1 Bxf3 45. Kf2 Be4 46. Ke3 Bb1 47. Kd2 Be4 48. Kc1 g5 49. hxg5 Kg6 50. Kd2 Kxg5 0-1